000 00674nam a2200217 a 4500
001 000041283
005 20240412074300.0
008 130927s2005 dr 000 p spa d
020 _a9993491241
040 _aDO-SdBNP
_bspa
_cBNPHU
082 _aRD861.44
_bZ35p
100 1 _aZapata, César
_921611
245 1 0 _aPiedad de toque :
_b(piel del fuego) /
_cCésar Zapata.
260 _aSanto Domingo :
_bCasa de teatro,
_c2005.
300 _a75 p. ;
_c21 cm.
586 _aPremio internacional de poesía 2004
590 _aInventariado, 2019 / DG
650 0 _aPoesía dominicana
_966
650 0 _aLiteratura dominicana.
_967
910 _aValidado. Control de calidad MFF
999 _c40773
_d40773